Rappeurs par lettre - Y - Statistiques

Statistiques générales
  • Ce quiz a été pris 157 fois
    129 depuis la dernière actualisation
  • Le résultat moyen est 2 sur 7
Statistiques - réponses
Albums notable Rappeur % Correct
Yuzmv, La fin de la nuit Yuzmv
62%
Confidences, Compte de faits YL
58%
Noir d****, NGRTD Youssoupha
38%
Gear, Planète Mars Youv Dee
34%
A zéro, La spé Yaro
30%
Jr world, Vision Yannou JR
12%
Bambino, Coeur brisé Yanns
12%
Aucun quiz correspondant
Distribution des résultats
% des personnes avec chaque résultat
Percentile par nombre de réponses
Votre historique - résultats
Vous n’avez pas pris ce quiz depuis la dernière actualisation